000 01371nam a22002777a 4500
003 OSt
005 20210301160934.0
008 210301t2014 ck a|||gr|||| 00| 0 spa d
020 _a9789584239181
040 _aCO-JMCR
_cCO-JMCR
041 0 _aspa
082 0 4 _a338.2728 /
_bT626r
_223
100 1 _aTéllez, Edgar,
_eeditor
_912960
245 1 3 _aLa revolución del gas natural :
_bmedio siglo de bienestar y competitividad para los colombianos /
_cedición general Edgar Téllez
250 _aPrimera edición
260 _aBogotá :
_bPlaneta : Asociación Colombiana de Gas Natural - NATURGAS,
_c©2014
300 _a196 páginas :
_bilustraciones y fotografías a blanco y negro y a color ;
_c25 cm.
505 0 _aLos albores -- Sin petróleo pero con gas -- La Costa vs. el interior -- La nueva realidad -- Lo bueno del cambio -- El apoyo al sector térmico -- Industria, el gran consumidor -- Y ahora... los vehículos -- Reservas y garantía de suministro -- La nueva frontera
650 1 4 _aGas natural
_xhistoria
_zColombia
_914185
650 2 4 _aGas natural domiciliario
_zColombia
_914186
650 2 4 _aGas
_xobtención y producción
_zColombia
_914187
650 2 4 _aServicios públicos
_zColombia
_914188
650 2 4 _aCombustibles fósiles
_zColombia
_914189
650 2 4 _aIndustria del gas
_zColombia
_914190
942 _2ddc
_cBK
999 _c7394
_d7394